Normal view
MARC view
Entry Personal Name
001 - CONTROL NUMBER
- control field: 3827
003 - CONTROL NUMBER IDENTIFIER
- control field: ARRUPE
005 - DATE AND TIME OF LATEST TRANSACTION
- control field: 20131126114153.0
008 - FIXED-LENGTH DATA ELEMENTS
- fixed length control field: 131126|| aca||aabn | a|a d
040 ## - CATALOGING SOURCE
- Original cataloging agency: ARRUPE
- Transcribing agency: ARRUPE
100 ## - HEADING--PERSONAL NAME
- Personal name: Gale, W. D.
- Fuller form of name: (William Daniel)
670 ## - SOURCE DATA FOUND
- Source citation: Work cat.: (ARRUPE)0: Gale, W. D. (William Daniel), The history of the Rhodesian Printing and Publishing Company ltd., [1962]